| 000 | 00443nam a2200181Ia 4500 | ||
|---|---|---|---|
| 001 | 17314 | ||
| 005 | 20260306171508.0 | ||
| 008 | 260306s9999||||xx |||||||||||||| ||und|| | ||
| 041 | _aESP | ||
| 082 |
_a657.7 _bR23 2005 |
||
| 100 |
_aRamírez Padilla, Davil Noel _eAUT |
||
| 245 | 0 | _aContabilidad administrativa | |
| 260 | _c2005 | ||
| 300 |
_axvi, 601 páginas : _c25 cm. |
||
| 650 | _aGEN | ||
| 654 | _aCCO | ||
| 942 |
_cLIB _dJUS _fJUS _2ddc _n |
||
| 999 |
_c17314 _d17314 |
||